Famous People from Evansville by Picture - Statistics

General Stats
  • This quiz has been taken 10 times
  • The average score is 14 of 84
Answer Stats
Picture Hint Answer % Correct
Basketball Player (born 1997) Dru Smith
60%
Basketball Player (born 1999) Malachi Smith
60%
Baseball Player, Manager & Coach (born 1961) Don Mattingly
50%
Swimmer (born 1997) Lilly King
50%
Actor / Musician (born 1996) Dylan Minnette
30%
Baseball Player (born 1974) Jamey Carroll
30%
Basketball Player (born 2002) Khristian Lander
30%
Mayor (born 1960) Lloyd Winnecke
30%
Baseball Player (born 1975) Scott Rolen
30%
Lt. Governor (born 1952) Suzanne Crouch
30%
Musician (1944-2022) Timmy Thomas
30%
Baseball Player (born 1988) Aaron Barrett
20%
Baseball Player (born 1972) Alan Benes
20%
Social Reformer / Writer (1865-1933) Albion Fellows Bacon
20%
Baseball Player (born 1967) Andy Benes
20%
Basketball Coach (1912-1993) Arad McCutchan
20%
Football Player (born 1945) Bob Griese
20%
Golfer (1916-1990) Bob Hamilton
20%
Basketball Coach (born 1968) Brad Brownell
20%
U.S. Representative (born 1958) Brad Ellsworth
20%
TV Broadcaster (born 1983) Brandon Gaudin
20%
Basketball Player & Coach (born 1971) Calbert Cheaney
20%
Football Player (born 1977) Deke Cooper
20%
Singer (born 1943) Geno Washington
20%
Baseball Player (born 1990) Jerad Eickhoff
20%
U.S. Representative (born 1961) John Hostettler
20%
Football Player (born 1973) Kevin Hardy
20%
U.S. Representative (born 1962) Larry Bucshon
20%
U.S. Representative (born 1969) Luke Messer
20%
Baseball Player & Commentator (1946-2011) Paul Splittorff
20%
Indiana Supreme Court Chief Justice (born 1946) Randall T. Shepard
20%
Actor (1945-2016) Ron Glass
20%
Basketball Player & Coach (born 1974) Walter McCarty
20%
Internet Entrepreneur (born 1980) Aaron Patzer
10%
Actor (born 1948) Avery Brooks
10%
White House Social Secretary (1933-2020) Bess Abell
10%
Poet / Essayist / Suffragist (1890-1917) Bettiola Heloise Fortson
10%
Actress (1874-1951) Billie Bennett
10%
Musician (1927-2007) Boots Randolph
10%
Diplomat / Scholar (1861-1938) Charles Denby Jr.
10%
Race Car Driver (1897-1979) Charlie Wiggins
10%
Basketball Coach (born 1972) Chris Lowery
10%
Governor (1817-1885) Conrad Baker
10%
Baseball Player (born 1942) Dan Schneider
10%
Baseball Player & Coach (born 1983) Drew Butera
10%
Golfer (born 1995) Dylan Meyer
10%
Secretary of the Navy (1870-1929) Edwin Denby
10%
Mathematician (1895-1969) Elbert Frank Cox
10%
Singer (born 1964) Ernie Haase
10%
Songwriter / Executive (1898-1954) Fred Rose
10%
Chief Master Sergeant of the Air Force (1940-2007) Gary R. Pfingston
10%
Physician / Diplomat (1855-1943) George Washington Buckner
10%
Basketball Player (1922-2001) Gus Doerner
10%
McDonald's CEO (1916-1992) Harry J. Sonneborn
10%
Oklahoma Governor (1867-1965) Henry S. Johnston
10%
Musician (born 1972) Jace Everett
10%
Baseball Player (1903-1986) Jack Warner
10%
Actress (born 1974) Jama Williamson
10%
Army Brigadier General (1868-1942) James Joseph Hornbrook
10%
Lawyer / Commerce Specialist (1861-1927) James S. Harlan
10%
Golfer (born 1983) Jeff Overton
10%
Vaudevillian (1890-1959) Joe Cook
10%
Air Force Officer (born 1934) John B. Conaway
10%
Baptist Pastor (1875-1929) John Roach Straton
10%
U.S. Secretary of State / Army Colonel (1836-1917) John W. Foster
10%
Basketball Player (born 1989) Kyle Kuric
10%
Actress (1874-1965) Louise Dresser
10%
Dancer / Singer / Actress (1898-1936) Marilyn Miller
10%
Matriarch (1905-1998) Mary Fendrich Hulman
10%
Swimmer (born 1987) Michael Klueh
10%
Actress / Fashion Designer (born 1966) Michael Michele
10%
Evangelist / Comedian (born 1946) Mike Warnke
10%
Keyboardist (born 1946) Neal Doughty
10%
Baseball Player (1909-1966) Pete Fox
10%
Race Car Driver (1896-1925) Ray Cariens
10%
Governor (1917-2004) Robert D. Orr
10%
Child Actor / Pastor (born 1949) Roger Mobley
10%
Professional Wrestling Referee (born 1977) Rudy Charles
10%
Educator / Social Services Organizer (1881-19510 Sallie Wyatt Stewart
10%
Football Player & Scout (born 1954) Scott Studwell
10%
Poet / Playwright / Screenwriter (born 1954) Steven Sater
10%
Mixed Martial Artist (born 1985) Todd Duffee
10%
U.S. Senator / Mayor (1919-2003) Vance Hartke
10%
Chancellor (1923-2017) Lester M. Wolfson
0%
No matching quizzes found
Score Distribution
Percent of People with Each Score
Percentile by Number Answered
Your Score History
You have not taken this quiz